Porovnanie patogenity izolátov huby Sclerotinia sclerotiorum

Bibliographic Details
Main Authors: Bokor, Peter, 1969- (Author), Hudec, Kamil, 1973- (Author)
Format: Article
Language:Czech

MARC

LEADER 00000naa a2200000uu 4500
001 vtls011085457
003 SK-MaSNL
005 20260302105205.0
008 220810|2003 xo |||||||||||||||||cze|
015 |a SNBRA 
035 |a (urnnbn)urn:nbn:sk:snk:ar-a0cm0z 
035 |a (uuid)f682d0f5-3a96-45ee-917b-9e2e05a608bd 
035 |a urn:nbn:sk:snk-aavrwq 
040 |a SNKBUCL  |b slo  |c SNKBUCL  |e AACR2 
041 0 |a cze 
044 |a xo  |c SK 
100 1 |a Bokor, Peter,  |d 1969-  |4 aut  |9 189660 
245 1 0 |a Porovnanie patogenity izolátov huby Sclerotinia sclerotiorum  |c Peter BOKOR, Kamil HUDEC 
246 3 |a The comparison of pathogenity of Sclerotinia sclerotiorum fungi isolates 
700 1 |a Hudec, Kamil,  |d 1973-  |4 aut  |9 179592 
773 0 |t XVI. slovenská a česká konferencia o ochrane rastlín  |d V Nitre : Slovenská poľnohospodárska univerzita, 2003  |g S. 77-78  |z 8080692351 
954 |a odborná, vedecká literatúra cudzojazyčná (svetová)  |2 lita 
958 |a OND 
958 |a article12 
958 |a chapter 
999 |c 1237720  |d 1239650